000 00688nam a2200289Ia 4500
005 20260324120727.0
008 008 260324s9999 xx 000 0 eng d
020 _a9780203362044
037 _aEBOOK
040 _aCRL
040 _beng
040 _cCRL
041 _2eng
041 _aeng
084 _qCRL
100 _aHui-Ching Chang; Richard Holt
_91159731
245 0 _aLanguage, Politics and Identity in Taiwan
245 0 _bNaming China
260 _bTaylor and Francis
260 _c2014
365 _a
365 _b240
856 _uhttp://www.taylorfrancis.com/books/9780203362044
942 _cEBOOK
999 _c1751411
_d1751411